| 000 | 00892nam a2200301 4500 | ||
|---|---|---|---|
| 003 | EC-QuCCB | ||
| 005 | 20250116162635.0 | ||
| 007 | ta | ||
| 008 | 241021s2024 ck ||||jr|||| 001 fdspa d | ||
| 020 | _a978-958-52340-6-2 | ||
| 040 | _aEC-QuCCB | ||
| 041 | _aspa | ||
| 082 |
_aI B823 _bR8847c |
||
| 100 | 1 |
_aRowling, J. K., _d1965- _943587 |
|
| 245 | 1 | 0 |
_aHarry Potter y el prisionero de Azkaban _cJ. K. Rowling |
| 250 |
_aPrimera edición, _bdécima cuarta reimpresión |
||
| 260 |
_aBogotá, Colombia : _bPenguin Random House, _c2024 |
||
| 300 |
_a376 páginas ; _c21 cm |
||
| 336 |
_atexto _btxt |
||
| 337 |
_ano mediado _bn |
||
| 338 |
_avolumen _bnc |
||
| 490 | 0 |
_aSalamandra Bolsillo ; _vnúmero 3 |
|
| 521 | _aNiños de 13 años en adelante | ||
| 590 | _abgg | ||
| 650 | 4 |
_914607 _aNovela infantil inglesa |
|
| 650 | 0 |
_941763 _aLiteratura infantil inglesa |
|
| 942 |
_2ddc _cBK |
||
| 999 |
_c82447 _d82447 |
||